000 00935 a2200445 4500
000 BKB
001 135618
005 20200902152851.0
008
010 _a
020 _a9788173913315
082 _a300.72
_bD45S
100 1 _aDeshprabhu, Suchitra
110 _a
245 1 _aSociological research : approaches, techniques and applications
_cby Suchitra Deshprabhu
250 _a2nd ed.
260 _aNew Delhi
_bKanishka
_c2012
300 _a285p.
490 _a
_v
500 _a
600 _a
610 _a
611 _a
630 _a
650 _a
651 _a
654 _a
690 _aSocial work; Sociology-Research-Methodology
700 _a
_b
_c
710 _a
_b
_c
711 _a
720 _a
730 _a
740 _a
752 _a
856 _a
_d
_f
904 _a
964 _a
_b
_c
_d
_e
_f
_g
965 _a
999 _c8924
_d8924